|
|
|
|
| LEADER |
00000nab a2200000 ar4500 |
| 001 |
vtls010632022 |
| 003 |
SK-MaSNL |
| 005 |
20260304052732.0 |
| 008 |
141030c2014 xo mr|p|||n |000 b|slo |
| 015 |
|
|
|a SNBRB2014/10
|
| 038 |
|
|
|a SPK
|
| 040 |
|
|
|a SPKCL
|b slo
|c AACR2
|e AACR2
|
| 041 |
0 |
|
|a slo
|
| 044 |
|
|
|a xo
|c SK
|
| 072 |
|
7 |
|a 378
|x Vysoké školy
|2 konspekt
|
| 080 |
|
|
|a 378
|x (94)
|x (931)
|2 2001
|
| 245 |
0 |
0 |
|a Vysokoškolské štúdium v Austrálii a na Novom Zélande
|
| 300 |
|
|
|b Fotogr., tab.
|
| 504 |
|
|
|a Bibliogr. odkazy
|
| 650 |
0 |
7 |
|a vysokoškolské štúdium
|2 snkbucl
|9 4044
|
| 650 |
0 |
7 |
|a štipendiá
|2 snkbucl
|9 23008
|
| 651 |
|
7 |
|a Austrália
|2 snkbucl
|9 16347
|
| 651 |
|
7 |
|a Nový Zéland
|2 snkbucl
|9 17357
|
| 773 |
0 |
|
|t Bulletin SAIA
|g Roč. XXIV, č. 4 (2014), s. 2-6
|x 1338-0400
|
| 852 |
|
|
|a SPK
|b KIS3GCP
|
| 856 |
4 |
1 |
|u www.saia.sk
|
| 958 |
|
|
|a NB
|2 snkbucl
|
| 999 |
|
|
|c 2709665
|d 2711595
|